Statistics for Polity data set Full Democracies of 2017

Click here to take the quiz!

General Stats

  • This quiz has been taken 5 times
  • The average score is 22 of 33

Answer Stats

Answer % Correct
Denmark
100%
Finland
100%
Germany
100%
Australia
100%
Japan
100%
Italy
100%
Austria
100%
Canada
100%
Norway
100%
New Zealand
100%
Sweden
100%
Slovakia
80%
Portugal
80%
Spain
80%
Greece
80%
Hungary
80%
United Kingdom
60%
Uruguay
60%
Taiwan
60%
Switzerland
60%
Poland
60%
Slovenia
60%
Luxembourg
60%
Netherlands
60%
Lithuania
60%
Ireland
60%
Chile
40%
Cyprus
40%
Mongolia
20%
Mauritius
20%
Cape Verde
0%
Costa Rica
0%
Trinidad and Tobago
0%

Score Distribution

Percentile by Number Answered

Percent of People with Each Score

Your Score History

You have not taken this quiz